LNH Top 15 joueurs saison 2022-2023 - Statistiques

Statistiques générales
  • Ce quiz a été pris 250 fois
  • Le résultat moyen est 11 sur 15
Statistiques - réponses
positon équipe Réponse % Correct
C,EDM 1 Connor McDavid
98%
C,COL 3 Nathan MacKinnon
87%
C,TOR 8 Auston Matthews
84%
C,NDJ 7 Jack Hughes
81%
AD,TBL 5 Nikita Kucherov
81%
C/AD,EDM 2 Leon Draisaitl
78%
AD,TOR 12 Mitchell Marner
77%
C/AG,VAN 15 Elias Pettersson
72%
AG,DAL 6 Jason Robertson
71%
AG,FLA 4 Matthew Tkachuk
70%
C,OTT 11 Brady Tkachuk
69%
C/AD,COL 10 Mikko Rantanen
69%
AD,BOS 9 David Pastrnak
68%
AG,MIN 13 Kirill Kaprizov
68%
C,NYR 14 Mika Zibanejad
56%
Aucun quiz correspondant
Distribution des résultats
% des personnes avec chaque résultat
Percentile par nombre de réponses
Votre historique - résultats
Vous n’avez pas pris ce quiz